| 000 | 00385nam a22001217a 4500 | ||
|---|---|---|---|
| 082 |
_a345.549105 _bAWA |
||
| 100 | _aAwan, Malik Kushal | ||
| 245 |
_aThe Law of Supardari Disposal of Property: _bwith up-to-date case law / _cMalik Kushal Awan |
||
| 260 |
_aLahore : _bInsaf Law House, _c2021. |
||
| 300 | _a405 p. ; | ||
| 650 |
_aLaw, Law of Supardari _9128033 |
||
| 942 |
_2ddc _cBK |
||
| 999 |
_c613049 _d613049 |
||